000 00581nam a2200205Ia 4500
001 15386
003 GE_BSU
008 181216s||||||||xx |||||||||||||| ||und||
040 _cGE_BSU
080 _a821.353.1-32
100 _aქუთათელი, ა.
245 _aორი მოთხრობა
245 _cრედ.ნიკო შველიძე
260 _aთბილისი
260 _bსაბჭოთა მწერალი
260 _c1950
300 _a200გვ.21სმ.
653 _aორი მოთხრობა
942 _cBK
999 _c48491
_d48491